| 000 | 01231nam a22002175i 4500 | ||
|---|---|---|---|
| 001 | 159013 | ||
| 003 | ES-MaACL | ||
| 005 | 20230906211420.0 | ||
| 008 | 970605s1828 sp |||| | spa d | ||
| 040 |
_aCARM _bspa _cCCPB | SIC |
||
| 080 | _a347 | ||
| 100 | 1 |
_aMartinez Salazar, Antonio. _9129574 |
|
| 245 | 1 | 0 | _aPractica de sustanciar pleitos ejecutivos, y ordinarios : conforme al estilo de los juzgados de Madrid, de las Chancillerías, Audiencias, y demás tribunales del reyno, con estension de los pedimentos, autos y diligencias judiciales, é inclusion de varios instrumentos y advertencias á escribanos, procuradores y alguaciles / escrita por don Antonio Martinez Salazar.. ; corregida, anotada y adicionada... con formularios y con el arancel de escribanos, procuradores & y arregladas ...por D. Santiago de Alvarado y de la Peña. |
| 250 | _a5ª ed. | ||
| 260 |
_aMadrid : _b[s.n.], _c1828 ( _fPor Julian Viana Razola) |
||
| 300 |
_a283 p. ; _c22 cm. |
||
| 650 |
_aProcesos- _zEspaña. _9157314 |
||
| 650 | 0 | 4 |
_aDerecho procesal- _zEspaña. _911762 |
| 700 | 1 |
_aAlvarado y de la Peña, Santiago de. _9125632 |
|
| 852 |
_aES-MaACL _jZ-199 _xOlim: G-5921 _d _z-- Enc. pasta _z.- Legado M. de La Fuente |
||
| 999 |
_c159013 _d159013 |
||